Entry Personal Name
Number of records used in: 1
001 - CONTROL NUMBER
003 - CONTROL NUMBER IDENTIFIER
005 - DATE AND TIME OF LATEST TRANSACTION
- control field:
20231018160943.0
008 - FIXED-LENGTH DATA ELEMENTS
- fixed length control field:
860903n| azannaabn |b aaa
010 ## - LIBRARY OF CONGRESS CONTROL NUMBER
- LC control number:
n 86101840
035 ## - SYSTEM CONTROL NUMBER
- System control number:
(OCoLC)oca01728955
040 ## - CATALOGING SOURCE
- Original cataloging agency:
DLC
- Language of cataloging:
eng
- Description conventions:
rda
- Transcribing agency:
DLC
- Modifying agency:
DLC
- Modifying agency:
OCoLC
- Modifying agency:
DLC
046 ## - SPECIAL CODED DATES
- Birth date:
[0643,0644]
- Death date:
[0711,0712]
- Source of date scheme:
edtf
053 #0 - LC CLASSIFICATION NUMBER
- Classification number element--single number or beginning number of span:
PJ7700.U4
100 0# - HEADING--PERSONAL NAME
- Personal name:
ʻUmar ibn Abī Rabīʻah,
- Dates associated with a name:
643 or 644-711 or 712
400 0# - SEE FROM TRACING--PERSONAL NAME
- Personal name:
Omar ibn Abī Rabīʻa,
- Dates associated with a name:
643 or 644-711 or 712
400 0# - SEE FROM TRACING--PERSONAL NAME
- Control subfield:
nnea
- Personal name:
ʻUmar ibn Abī Rabīʻah,
- Dates associated with a name:
643 or 4-711 or 12
400 0# - SEE FROM TRACING--PERSONAL NAME
- Personal name:
عمر ابن أبي ربيعة
400 0# - SEE FROM TRACING--PERSONAL NAME
- Personal name:
عمر بن أبي ربيعة
400 0# - SEE FROM TRACING--PERSONAL NAME
- Personal name:
, عمر بن أبي ربيعة
- Dates associated with a name:
643 او 4-711 او 12
400 0# - SEE FROM TRACING--PERSONAL NAME
- Personal name:
عمر بن أبي ربيعة،
- Dates associated with a name:
12 or 711-4 or 643
400 0# - SEE FROM TRACING--PERSONAL NAME
- Personal name:
عمر بن أبي ربيعة،
- Dates associated with a name:
649 أو 4-711 أو 12
400 0# - SEE FROM TRACING--PERSONAL NAME
- Personal name:
عمر بن أبي ربيعه
400 0# - SEE FROM TRACING--PERSONAL NAME
- Personal name:
عمر بن ابي ربيعة،
- Dates associated with a name:
643 or 644-711 or 712
400 0# - SEE FROM TRACING--PERSONAL NAME
- Personal name:
عمر بن ابي ربيعة،
- Dates associated with a name:
٦٤٣ او٦٤٤-٧١١ او٧١٢
670 ## - SOURCE DATA FOUND
- Source citation:
Nāfiʻ, ʻA. al-F.S. al-Ḥiwār fī ghazal ʻUmar ibn Abī Rabīʻah, 1984:
- Information found:
t.p. (ʻUmar ibn Abī Rabīʻah)
670 ## - SOURCE DATA FOUND
- Source citation:
Kaḥḥālah
- Information found:
(ʻUmar ibn Abī Rabīʻah; ʻUmar ibn ʻAbd Allāh ibn ʻAmrū ibn al-Maghīrah ibn ʻAbd Allāh ibn ʻAmrū ibn Makhzūm al-Qurashī (Abū Ḥafṣ, ibn Abī Rabīʻah; 23-93 H/644-712 M))
670 ## - SOURCE DATA FOUND
- Source citation:
Brockelmann.
- Information found:
Suppl. I (ʻOmar b. Abī Rabīʻa; b. 23/643; d. 101/712)
670 ## - SOURCE DATA FOUND
- Source citation:
Enzyk. des Islam
- Information found:
(ʻOmar ibn ʻAbd Allāh ibn Abī Rabīʻa; b. Dhū al-Ḥijjah 26/Nov. 644; d. 93/712)